Formación profesional del educador y la educadora: una responsabilidad compartida /
Guardado en:
| Institution som forfatter: | |
|---|---|
| Format: | Electronisk Procedimiento de la Conferencia |
| Sprog: | Spanish |
| Udgivet: |
San José, Costa Rica :
CONARE, COLYPRO,
2012
|
| Fag: | |
| Tags: |
Tilføj Tag
Ingen Tags, Vær først til at tagge denne postø!
|
MARC
| LEADER | 00000nmm a2200000 a 4500 | ||
|---|---|---|---|
| 008 | 180926b2012 cr ||||| |||| 00| | spa d | ||
| 999 | |c 2489 |d 2489 | ||
| 090 | |a CD #233 | ||
| 111 | 2 | |a Congreso Pedagógico (3 : 2011: San José, C.R) |9 4352 | |
| 245 | 1 | 0 | |a Formación profesional del educador y la educadora: una responsabilidad compartida / |c Congreso Pedagógico (3 : 2011: San José, C.R) |
| 260 | |a San José, Costa Rica : |b CONARE, COLYPRO, |c 2012 | ||
| 300 | |a 1 disco compacto | ||
| 505 | |r Magaly Robalino Campos |t Formación docente: Una responsabilidad compartida. | ||
| 505 | |r Ricardo Cuenca |t Las múltiples identidades profesionales de la docencia. | ||
| 505 | |r Liliana Jabif Gonda |t Desarrollo de competencias educativas. | ||
| 505 | |r Miguel A. Guevara Agüero, Grisell de la C. González de la Torre |t La educación por competencias en la formación docente. | ||
| 650 | 1 | 4 | |a FORMACIÓN PROFESIONAL |9 498 |
| 650 | 1 | 4 | |a DOCENTES |9 331 |
| 650 | 1 | 4 | |a CONFERENCIA |9 506 |
| 942 | |i 003624 |h CD #233 |2 z |c 08 | ||
